[Event "Commonwealth & South African-ch"]
[Site "Johannesburg"]
[Date "2011.06.27"]
[Round "4.1"]
[White "Aryan, Chopra"]
[Black "Szakmeister, Gyorgy"]
[Result "1-0"]
[WhiteElo "1817"]
[BlackElo "1458"]
[PlyCount "66"]
[EventDate "2011.06.25"]
[EventType "swiss"]
[EventRounds "11"]
[EventCountry "RSA"]
[SourceTitle "EXT 2024"]
[Source "ChessBase"]
[SourceDate "2023.10.10"]
[SourceVersion "1"]
[SourceVersionDate "2023.10.10"]
[SourceQuality "1"]

1. e4 c5 2. Nf3 g6 3. c4 Bg7 4. d4 cxd4 5. Nxd4 Nc6 6. Be3 d6 7. Nc3 Nf6 8. Be2 0-0 9. 0-0 Ne8 10. Qd2 Nxd4 11. Bxd4 Nf6 12. Rfd1 Bd7 13. Rac1 b6 14. f3 Ne8 15. Bxg7 Nxg7 16. e5 Ne8 17. Ne4 f5 18. exd6 fxe4 19. dxe7 Qxe7 20. Qd5+ Rf7 21. Qxa8 Qc5+ 22. Kf1 Bc6 23. b4 Qe3 24. Qxc6 exf3 25. Bxf3 Nf6 26. Re1 Qd2 27. Kg1 Qd4+ 28. Kh1 Ng4 29. Qc8+ Kg7 30. Qxg4 Rf4 31. Qe6 Rxf3 32. gxf3 Qf2 33. Qe3 Qh4 1-0